000 00916nam a2200205Ia 4500
999 _c39725
_d39725
001 6330
003 GE_BSU
005 20191023140941.0
008 181216s1968||||ge |||||||||||||| ||geo||
040 _cGE_BSU
041 _ageo
080 _a821.353.1-11 ბ-25
100 _aბარათაშვილი, ნიკოლოზ
_94936
245 _aბედი ქართლისა :
_bპოემა /
_cნიკოლოზ ბარათაშვილი ; სარედ. კოლეგია : გრიგოლ აბაშიძე, პავლე ინგოროყვა, დევი სტურუა, ვახტანგ ჭელიძე.
264 _aთბილისი :
_bსაბჭ.საქართველო ;
_c1968.
300 _a92 გვ. ;
_c17 სმ.
653 _aბედი ქართლისა
653 _aპოემა
942 _cBK
_2udc